| 000 | 00423nam a2200181Ia 4500 | ||
|---|---|---|---|
| 999 |
_c9717 _d9717 |
||
| 003 | 0100 | ||
| 005 | 20170901120851.0 | ||
| 008 | 130303s9999 xx 000 0 und d | ||
| 020 | _a830818987 | ||
| 040 | _cARRUPELIB | ||
| 050 | _aBV4596.S35H431997 | ||
| 100 |
_aHearn, Walter R _935506 |
||
| 245 |
_aBeing a christian in science _cWalter R. Hearn |
||
| 260 |
_aIllinois _bInterVarsity Press _c1997 |
||
| 300 |
_a178 p. ; _c21cm. |
||
| 650 |
_aScientists _xReligious life _935507 |
||
| 650 |
_aScience _xVocational guidance _935508 |
||
| 700 |
_aWalter R. Hearn _935509 |
||
| 942 |
_2lcc _cMONOGRAPH |
||